000 02249nam0a2200397 4500
001 RU\NLR\BIBL_A\011888807
005 20181225134958.0
010 _a978-5-93461-914-6
_9100
021 _aRU
_bКН-П-18-084237
_9КН-П-18-6096
035 _a(NLR Aleph) 011888807
035 _a(RuMoRGB)009798769
090 _a10820070
_c10820070
100 _a20181211d2018 k y0rusy50 ca
101 0 _arus
102 _aRU
105 _aa|||z|||000zy
200 1 _aУправление техническим состоянием многослойных ограждающих конструкций зданий
_e[монография]
_fВ. С. Воробьев, Н. П. Запащикова, А. С. Синицына
_gСибирский государственный университет путей сообщения (СГУПС)
210 _aНовосибирск
_cИзд-во Сибирского государственного университета путей сообщения
_d2018
215 _a185, [1] с.
_cил., цв. ил., табл.
_d21
320 _aБиблиогр.: с. 168-180 (152 назв.)
606 _aСтроительство -- Гражданское строительство -- Жилищное строительство -- Жилые здания -- Многоквартирные дома -- Наружные стены -- Реконструкция
_2rubbk
606 1 _aФасадные стеновые панели навесные
_91856469
_3RU\NLR\AUTH\661132882
606 1 _aЗдания
_xТепловой режим
_91161697
_3RU\NLR\AUTH\66464917
610 0 _aнавесные вентилируемые фасады
610 0 _aфасадные системы
686 _aН711.2-093.111,0
_2rubbk
686 1 _aН7-022.53
686 1 _aН113.67
700 1 _7ca
_8rus
_aВоробьев
_bВ. С.
_cд-р техн. наук
_gВалерий Степанович
_916549
_3RU\NLR\AUTH\7733541
701 1 _aЗапащикова
_bН. П.
_gНаталья Петровна
701 1 _aСиницына
_bА. С.
_gАнастасия Сергеевна
942 _cBOOK
980 _aNBR
980 _aNB